=LDR 00000nam 2200000 4500 =001 INLIS000000000040959 =005 20130612150519 =008 ***********************************ind** =035 ##$$a0010-061300000040959 =041 ##$$a ind =082 ##$$a 650.1 =090 ##$$a 650.1, Fit l =100 ##$$a FITHRIYANI, Fauziyah =245 ##$$a 5 jurus maut jadi pengusaha muda sukses, Fauziyah fithriyani =260 ##$$a 2010 $b Jakarta =300 ##$$a Ix,219 Hlm, ilus, 23 cm =650 ##$$a BISNIS =850 ##$$a NBPNMAT =990 ##$$a 21400613/BPAP-NTB/20142014 =990 ##$$a 21400613/BPAP-NTB/20142014